| 000 | 00765nam a2200229 a 4500 | ||
|---|---|---|---|
| 001 | 57723 | ||
| 003 | BD-RjUL | ||
| 005 | 20211209080539.0 | ||
| 008 | 161211s1970 ii b 001 0 eng | ||
| 035 | _a(BD-RjUL)57847 | ||
| 040 |
_aDLC _cDLC _dBD-RjUL _beng |
||
| 041 | _aeng | ||
| 082 | 0 | 0 |
_a301.364095456 _223 _bRAU 1970 |
| 100 | 1 |
_aRao, M. S. A. _9171433 |
|
| 245 | 1 | 0 |
_aUrbanization and social change ; _ba study of a rural community on a metropolitan fringe / _cM. S. A. Rao. |
| 260 |
_aNew Delhi : _bOrient Longmans, _c1970 |
||
| 300 |
_axi, 254 p. : _bill. ; _c23 cm. |
||
| 504 | _aIncludes index and Bibliography: p. 237-240. | ||
| 650 | 0 |
_aUrbanization _zIndia _zYadavpur. _9171434 |
|
| 651 | 0 |
_aYadavpur, India _xSocial conditions. _9171435 |
|
| 942 |
_2ddc _cBK |
||
| 999 |
_c57723 _d57723 |
||